[Event "Piestany Slovakia op-B"]
[Site "Piestany"]
[Date "2024.07.09"]
[Round "1"]
[White "Simansky, Samuel"]
[Black "Striskova, Lucia"]
[Result "1/2-1/2"]
[WhiteElo "1710"]
[BlackElo "1977"]
[PlyCount "148"]
[EventDate "2024.07.09"]
[EventType "swiss"]
[EventRounds "9"]
[EventCountry "SVK"]
[SourceTitle "EXT 2025"]
[Source "ChessBase"]
[SourceDate "2024.10.14"]
[SourceVersion "1"]
[SourceVersionDate "2024.10.14"]
[SourceQuality "1"]

1. e4 c5 2. Nf3 a6 3. Nc3 d6 4. d4 cxd4 5. Nxd4 Nf6 6. Be2 e5 7. Nb3 Be7 8. Be3 0-0 9. 0-0 Be6 10. f3 Nbd7 11. Kh1 b5 12. Qe1 b4 13. Nd1 d5 14. exd5 Nxd5 15. Bc4 Qc7 16. Bxd5 Bxd5 17. Qd2 Bc4 18. Re1 Rfd8 19. Nf2 Nc5 20. Qc1 Ne6 21. Rd1 Bb5 22. Nd3 Rac8 23. Rd2 Bd6 24. Qg1 Qe7 25. Bb6 Bc7 26. Bxc7 Rxc7 27. Rad1 Bxd3 28. cxd3 Nd4 29. Nxd4 Rxd4 30. Qf2 Qc5 31. Re1 h6 32. Qe3 f6 33. g3 Qd5 34. Kg2 Qxa2 35. Qf2 Qd5 36. Rc2 Rxc2 37. Qxc2 Rxd3 38. Qc8+ Kf7 39. Qc7+ Kg6 40. Re4 Rd2+ 41. Kh3 Qd7+ 42. Qxd7 Rxd7 43. Rxb4 Rd3 44. Kg2 Kf5 45. h4 Ke6 46. Rb6+ Rd6 47. Rb7 g6 48. g4 f5 49. Rh7 fxg4 50. fxg4 Kf6 51. Rxh6 Kg7 52. g5 Rb6 53. h5 Rxb2+ 54. Kf3 gxh5 55. Rxa6 Rb4 56. Re6 Rf4+ 57. Ke3 Rf5 58. Ke4 Rxg5 59. Rxe5 Rg4+ 60. Kf5 Rg6 61. Re7+ Kh6 62. Re8 Rg5+ 63. Kf4 Ra5 64. Re6+ Kg7 65. Re5 Rxe5 66. Kxe5 Kg6 67. Kf4 Kf6 68. Kg3 Kg5 69. Kh3 h4 70. Kg2 Kg4 71. Kh2 h3 72. Kh1 Kg3 73. Kg1 h2+ 74. Kh1 Kh3 1/2-1/2